[Event "Mittelrhein Verbandsliga-S 18/19"]
[Site "Nordrheinwestfalen"]
[Date "2018.12.16"]
[Round "5.1"]
[White "Khachatryan, Artur"]
[Black "Kneutgen, Alexander"]
[Result "1/2-1/2"]
[WhiteElo "1882"]
[BlackElo "1924"]
[PlyCount "102"]
[EventDate "2018.09.02"]
[EventType "team-tourn"]
[EventRounds "11"]
[EventCountry "GER"]
[SourceTitle "EXT 2022"]
[Source "ChessBase"]
[SourceDate "2021.10.06"]
[SourceVersion "1"]
[SourceVersionDate "2021.10.06"]
[SourceQuality "1"]
[WhiteTeam "Satranc Club"]
[BlackTeam "Niederkassel II"]
[WhiteTeamCountry "GER"]
[BlackTeamCountry "GER"]

1. e4 e6 2. d4 d5 3. e5 c5 4. c3 Nc6 5. Nf3 Nh6 6. Be3 Nf5 7. Bd3 c4 8. Bc2 Be7 9. Nbd2 0-0 10. 0-0 b5 11. Qe2 a5 12. a3 Bd7 13. Kh1 b4 14. axb4 axb4 15. Rxa8 Qxa8 16. g4 Nxe3 17. Qxe3 bxc3 18. bxc3 Qa2 19. Bb1 Qb2 20. Ng1 Na5 21. f4 Nb3 22. Nxb3 cxb3 23. f5 Rc8 24. f6 Bf8 25. fxg7 Bxg7 26. Qg5 Be8 27. Nh3 Qe2 28. Qf4 h6 29. g5 h5 30. g6 fxg6 31. Ng5 Qg4 32. Qxg4 hxg4 33. Nxe6 Rxc3 34. Nf4 b2 35. Kg2 Rc1 36. Nd3 Rxf1 37. Kxf1 Bb5 38. Kf2 Bxd3 39. Bxd3 Kf7 40. Kg3 Bh6 41. Kxg4 Be3 42. h4 Bxd4 43. e6+ Kxe6 44. Bxg6 Kd6 45. Kf3 Kc5 46. Ke2 Kb4 47. Bb1 Kc3 48. h5 Bg7 49. Bf5 Kb3 50. Bb1 Bh6 51. Kd3 Bg7 1/2-1/2

[Event "Mittelrhein Verbandsliga-S 17/18"]
[Site "Nordrheinwestfalen"]
[Date "2018.03.18"]
[Round "9.2"]
[White "Khachatryan, Artur"]
[Black "Mandt, Mathias"]
[Result "0-1"]
[WhiteElo "1806"]
[BlackElo "2014"]
[PlyCount "58"]
[EventDate "2017.09.10"]
[EventType "team-tourn"]
[EventRounds "11"]
[EventCountry "GER"]
[SourceTitle "EXT 2022"]
[Source "ChessBase"]
[SourceDate "2021.10.06"]
[SourceVersion "1"]
[SourceVersionDate "2021.10.06"]
[SourceQuality "1"]
[WhiteTeam "Satranc Club"]
[BlackTeam "Koeln Lasker II"]
[WhiteTeamCountry "GER"]
[BlackTeamCountry "GER"]

1. e4 Nf6 2. Bc4 Nxe4 3. Bxf7+ Kxf7 4. Qh5+ g6 5. Qd5+ e6 6. Qxe4 d5 7. Qe2 c5 8. Nf3 Nc6 9. d3 h6 10. h4 Bg7 11. Nc3 Re8 12. Bd2 e5 13. 0-0-0 b5 14. Nh2 Nd4 15. Qe3 b4 16. Ne2 Nxe2+ 17. Qxe2 Kg8 18. h5 g5 19. Ng4 e4 20. d4 cxd4 21. Bxb4 Qb6 22. Ba3 Ba6 23. Qd2 Rac8 24. Kb1 d3 25. c3 Rxc3 26. Nxh6+ Kh7 27. Nf5 Rc2 28. Qxg5 Rxb2+ 29. Ka1 Rb1# 0-1

[Event "Mittelrhein Verbandsliga-M 16/17"]
[Site "Nordrheinwestfalen"]
[Date "2016.09.11"]
[Round "1.8"]
[White "Khachatryan, Artur"]
[Black "Hagen, Henk"]
[Result "1-0"]
[WhiteElo "1602"]
[BlackElo "1681"]
[PlyCount "55"]
[EventDate "2016.09.11"]
[EventType "team-tourn"]
[EventRounds "11"]
[EventCountry "GER"]
[SourceTitle "EXT 2022"]
[Source "ChessBase"]
[SourceDate "2021.10.06"]
[SourceVersion "1"]
[SourceVersionDate "2021.10.06"]
[SourceQuality "1"]
[WhiteTeam "Satranc Club"]
[BlackTeam "Langenfeld II"]
[WhiteTeamCountry "GER"]
[BlackTeamCountry "GER"]

1. h3 Nc6 2. e3 e5 3. Nc3 Bb4 4. Bc4 Nf6 5. Nge2 d5 6. Bb5 0-0 7. Bxc6 bxc6 8. d4 e4 9. Bd2 c5 10. a3 cxd4 11. axb4 dxc3 12. Bxc3 Qd6 13. Nf4 Rd8 14. Qd4 a6 15. g4 h6 16. Rg1 Ne8 17. g5 c6 18. 0-0-0 hxg5 19. Rxg5 f6 20. Rh5 Nc7 21. Rg1 Rf8 22. Rh6 Kf7 23. Rh7 Nb5 24. Rgxg7+ Ke8 25. Re7+ Kd8 26. Qb6+ Nc7 27. Rxc7 Re8 28. Rcd7# 1-0